Air trails pictorial.

Bibliographic Details
Format: Journal
Language:English
Published: [New York] : [Street & Smith Publications]
Subjects:

MARC

Tag First Indicator Second Indicator Subfields
LEADER 00000cas a2200000 4500
001 in00000047151
005 20151007065442.0
008 800528c1uuu9999nyumr p 0uuua0eng d
010 |a  49025410  
035 |a (OCoLC)06363683 
035 |9 AAE2021AM 
040 |a TXA  |c TXA  |d UtOrBLW 
049 |a TXAE 
090 |a TL501  |b .B5 
245 0 0 |a Air trails pictorial. 
264 1 |a [New York] :  |b [Street & Smith Publications] 
300 |a  volumes :  |b illustrations (part color)  |a monthly. 
336 |a text  |b txt  |2 rdacontent 
337 |a unmediated  |b n  |2 rdamedia 
338 |a volume  |b nc  |2 rdacarrier 
362 0 |a v. 1- 
500 |a Title varies slightly. 
650 0 |a Aeronautics  |v Periodicals. 
999 |a MARS 
999 f f |s 0ca27a98-61ca-3055-9b10-7283e5e75d3a  |i 5273c341-a1df-3f6f-9b28-b0f73c1e5fa8  |t 0 
952 f f |p ric  |a Texas A&M University  |b Rellis Campus  |c Joint Library Facility  |d Remote Storage  |t 0  |e TL501 .B5  |h Library of Congress classification  |i unmediated -- volume  |k v.33:no.1-3  |l 1949:Oct.-1949:Dec.  |m A14834241392 
952 f f |p ric  |a Texas A&M University  |b Rellis Campus  |c Joint Library Facility  |d Remote Storage  |t 0  |e TL501 .B5  |h Library of Congress classification  |i unmediated -- volume  |k v.31:no.4-6  |l 1949:Jan.-1949:Mar.  |m A14834241457 
952 f f |p ric  |a Texas A&M University  |b Rellis Campus  |c Joint Library Facility  |d Remote Storage  |t 0  |e TL501 .B5  |h Library of Congress classification  |i unmediated -- volume  |k v.32:no.1-6  |l 1949:Apr.-Sept.  |m A14834241423 
998 f f |a TL501 .B5  |s v.33:no.1-3 (1949:Oct.-Dec.)  |t 0  |l Remote Storage